000 00638nam a2200229Ia 4500
003 OSt
005 20220924122109.0
006 a|||||r|||| 00| 0
007 ta
008 220923b |||||||| |||| 00| 0 urd d
024 _a309476
037 _cTextual
040 _aARTS
_cARTS
_burd
041 _2urd
_aurd
082 _aO1593,1:g, 168N7
100 _aJuyu Mohammad Ibraheem
_9188281
245 0 _aSindh ke sufi shair
260 _aLahore
_bFiction House Pakistan
_c1997
650 _aSINDHI LITERATURE
942 _hO1593,1:g, 168N7
_cTEXL
_2CC
999 _c410225
_d410225